000 00578nam a2200205Ii 4500
001 3465
003 CO-ViMGA
008 241108s9999||||xx |||||||||||||| ||und||
040 _aCO-ViMGA
_bspa
_erda
_cCO-ViMGA
041 0 _aspa
082 0 4 _a320.5 G137
100 1 _aJorge Eliécer Gaitán
_948751
245 1 0 _aObras selectas
264 1 _aBogotá, Colombia : Imprenta Nacional, 1979
300 _avolumen
336 _atext
_btxt
_2rdacontent
337 _aunmediated
_bn
_2rdamedia
338 _avolume
_bnc
_2rdacarrier
940 _aidficha_siabuc: 3381. -- ficha_no_siabuc:3465
999 _c43393
_d43393